000 00471nam a2200157 i 4500
001 55594
003 ES-MaACL
005 20250818063040.0
007 t|
008 030923s1911 fr ||||1| fre d
100 1 _aDeschamps, Auguste,
_d1863-1935
_943842
245 1 4 _aLes caractéres juridiques de la mutualité /
_cAuguste Deschamps.
260 _aParis :
_bLibrairie Générale de Droit,
_c1911.
852 _aES-MaACL
_jT-1395-F-5
999 _c55594
_d55594